Zrušenie časového rozlíšenia príjmov a výdavkov (mimo nájomného) v jednoduchom účtovníctve

Zmeny vyplývajúce zo zákona č. 173/1998 Z.z., ktorým sa mení a dopĺňa zákon č. 286/1992 Zb. o daniach z príjmov v znení neskorších zákonov. Postup podľa úpravy platnej do 31.12.1998. Daňovníci účtujúci v sústave jednoduchého účtovníctva. Posudzovanie príjmov a výdavkov z hľadiska ich hospodárskej sú...

Ausführliche Beschreibung

Gespeichert in:
Bibliographische Detailangaben
1. Verfasser: Faiglová, Svetlana
Format: Buchkapitel
Sprache:Slowakisch
Schlagworte:
Tags: Tag hinzufügen
Keine Tags, Fügen Sie das erste Tag hinzu!

MARC

LEADER 00000naa a2200000 4500
001 r033702
005 20230926073113.2
041 0 |a slo 
044 |a SK 
245 1 0 |a Zrušenie časového rozlíšenia príjmov a výdavkov (mimo nájomného) v jednoduchom účtovníctve  |c Svetlana Faiglová 
520 |a Zmeny vyplývajúce zo zákona č. 173/1998 Z.z., ktorým sa mení a dopĺňa zákon č. 286/1992 Zb. o daniach z príjmov v znení neskorších zákonov. Postup podľa úpravy platnej do 31.12.1998. Daňovníci účtujúci v sústave jednoduchého účtovníctva. Posudzovanie príjmov a výdavkov z hľadiska ich hospodárskej súvislosti s príslušným zdaňovacím obdobím. Postup podľa novelizácie zákona platnej od 1.1.1999. Praktické príklady. 
610 2 0 |a dane z príjmov 
610 2 0 |a príjmy 
610 2 0 |a výdavky 
610 2 0 |a účtovanie 
610 2 0 |a rozlíšenie časové 
610 2 0 |a účtovníctvo jednoduché 
610 2 0 |a novelizácia 
610 2 0 |a zákony 
610 2 0 |a Slovensko 
610 2 0 |a 1999 
100 1 |a Faiglová, Svetlana